มุมมองปกติ
มุมมองแบบ MARC
- วัชราภรณ์ จุ้ยลำเพ็ญ
รายการ Personal Name
001 - CONTROL NUMBER
- control field: 9276
003 - CONTROL NUMBER IDENTIFIER
- control field: NALT
005 - DATE AND TIME OF LATEST TRANSACTION
- control field: 20240202100628.0
008 - FIXED-LENGTH DATA ELEMENTS
- fixed length control field: 170717|| aca||aabn | a|a d
040 ## - CATALOGING SOURCE
- Original cataloging agency: NALT
- Transcribing agency: NALT
100 0# - HEADING--PERSONAL NAME
- Personal name: วัชราภรณ์ จุ้ยลำเพ็ญ
670 ## - SOURCE DATA FOUND
- Source citation: Work cat.: (NALT)77278: วัชราภรณ์ จุ้ยลำเพ็ญ, การเพิ่มประสิทธิภาพการจัดทำเอกสารวิชาการด้านการเมือง ของกลุ่มงานบริการวิชาการ สำนักวิชาการ สำนักงานเลขาธิการสภาผู้แทนราษฎร, 2558
